Statistics for Name the country #3

Click here to take the quiz!

General Stats

  • This quiz has been taken 32 times
  • The average score is 5 of 5

Answer Stats

HintAnswer% Correct
That borders only Russia and ChinaMongolia
97%
That has cities in Europe and Asia and doesn't start with TRussia
94%
That borders only its north counterpartSouth Korea
91%
That is the origin of EnglishUnited Kingdom
91%
That is the smallest in AfricaSeychelles
78%

Score Distribution

Percentile by Number Answered

Percent of People with Each Score

Your Score History

You have not taken this quiz